| 000 | 00393cam a22001097a 4500 | ||
|---|---|---|---|
| 008 | 180718b1971 xxu||||| |||| 00| 0 eng d | ||
| 082 | _aK8501x42 Un306 | ||
| 245 |
_aAllocation of pension explanatory memorandrum rules _cby Civil Service Department, United Kingdom |
||
| 260 |
_aLondon _bHer Majesty's Stationery Office _c1971 |
||
| 300 | _a22p. | ||
| 700 | _aUnited Kingdom. Civil Service Department | ||
| 999 |
_c500217 _d500217 |
||